[Event "HUN-chT2 Toth 1819"]
[Site "Hungary"]
[Date "2018.11.18"]
[Round "4.8"]
[White "Monus, Zoltan"]
[Black "Varadi, Laszlo"]
[Result "1/2-1/2"]
[WhiteElo "1989"]
[BlackElo "2033"]
[PlyCount "117"]
[EventDate "2018.09.23"]
[EventType "team-tourn"]
[EventRounds "11"]
[EventCountry "HUN"]
[SourceTitle "EXT 2021"]
[Source "ChessBase"]
[SourceDate "2020.10.23"]
[SourceVersion "1"]
[SourceVersionDate "2020.10.23"]
[SourceQuality "1"]
[WhiteTeam "Oroshaza"]
[BlackTeam "Ujszasz"]
[WhiteTeamCountry "HUN"]
[BlackTeamCountry "HUN"]

1. e4 e6 2. d4 d5 3. Nd2 dxe4 4. Nxe4 Bd7 5. Nf3 Bc6 6. Bd3 Nd7 7. 0-0 Ngf6 8. Qe2 Nxe4 9. Bxe4 Bxe4 10. Qxe4 c6 11. b3 Nf6 12. Qe2 h6 13. c4 Bd6 14. Bb2 0-0 15. Ne5 Qc7 16. Rad1 Rfd8 17. f4 c5 18. d5 exd5 19. cxd5 Bf8 20. Qf3 a5 21. g4 Ra6 22. g5 Ne8 23. Rd2 b5 24. h4 Rad6 25. f5 c4 26. bxc4 bxc4 27. Ba3 Rb6 28. Bxf8 Kxf8 29. Ng6+ Kg8 30. Nf4 Qe5 31. Qg4 h5 32. Nxh5 Qe3+ 33. Rff2 c3 34. Rde2 Qc5 35. Rxe8+ Rxe8 36. Nf6+ Rxf6 37. gxf6 Re1+ 38. Kg2 Qxd5+ 39. Qf3 Qxf3+ 40. Kxf3 Rh1 41. Rg2 Rxh4 42. fxg7 f6 43. Ke3 Rh3+ 44. Kd4 Rf3 45. Ke4 Rh3 46. Kd5 Rd3+ 47. Ke6 Rd2 48. Rg3 c2 49. Rc3 Kxg7 50. Rc7+ Kh6 51. Kxf6 Rf2 52. a4 Re2 53. Kf7 Kg5 54. f6 Rf2 55. Rc5+ Kf4 56. Ke7 Ke3 57. f7 Kd2 58. Rd5+ Kc3 59. Rxa5 1/2-1/2

[Event "HUN-chT2 Toth 1718"]
[Site "Hungary"]
[Date "2018.03.25"]
[Round "10.9"]
[White "Farkas, Lorinc"]
[Black "Monus, Zoltan"]
[Result "0-1"]
[WhiteElo "1790"]
[BlackElo "1990"]
[PlyCount "82"]
[EventDate "2017.09.24"]
[EventType "team-tourn"]
[EventRounds "11"]
[EventCountry "HUN"]
[SourceTitle "EXT 2021"]
[Source "ChessBase"]
[SourceDate "2020.10.23"]
[SourceVersion "1"]
[SourceVersionDate "2020.10.23"]
[SourceQuality "1"]
[WhiteTeam "Gyula"]
[BlackTeam "Oroshaza"]
[WhiteTeamCountry "HUN"]
[BlackTeamCountry "HUN"]

1. Nf3 d5 2. d4 Bg4 3. Nbd2 Nc6 4. e3 e5 5. dxe5 Nxe5 6. Be2 Bxf3 7. Nxf3 Nxf3+ 8. Bxf3 Nf6 9. 0-0 Bd6 10. c4 dxc4 11. Bxb7 Rb8 12. Bc6+ Kf8 13. Qe2 h5 14. Bf3 Ng4 15. h3 Nh2 16. Rd1 Qf6 17. Rd5 Nxf3+ 18. Qxf3 Qxf3 19. gxf3 Rb6 20. e4 Ke7 21. f4 g6 22. Be3 Rxb2 23. Bd4 Rhb8 24. Bxb2 Rxb2 25. e5 Bb4 26. a3 Bd2 27. Rc5 c3 28. Rxc7+ Ke6 29. Kf1 c2 30. Rc6+ Ke7 31. Ke2 c1Q 32. Raxc1 Bxc1+ 33. Kd1 Bxf4 34. Rc7+ Ke6 35. Rxa7 Rxf2 36. a4 Bxe5 37. a5 Bd4 38. Ra8 Kd5 39. Rd8+ Kc4 40. a6 Kd3 41. Ke1 Ra2 0-1

[Event "HUN-chT2 Toth 1516"]
[Site "Hungary"]
[Date "2016.02.28"]
[Round "8.6"]
[White "Udvardi, Zalan"]
[Black "Monus, Zoltan"]
[Result "1-0"]
[WhiteElo "1992"]
[BlackElo "2030"]
[PlyCount "65"]
[EventDate "2015.09.13"]
[EventType "team-tourn"]
[EventRounds "11"]
[EventCountry "HUN"]
[SourceTitle "EXT 2017"]
[Source "ChessBase"]
[SourceDate "2016.10.25"]
[SourceVersion "1"]
[SourceVersionDate "2016.10.25"]
[SourceQuality "1"]
[WhiteTeam "Szentes Integral"]
[BlackTeam "Oroshaza"]
[WhiteTeamCountry "HUN"]
[BlackTeamCountry "HUN"]

1. e4 d6 2. d4 Nf6 3. Nc3 e5 4. dxe5 dxe5 5. Qxd8+ Kxd8 6. Bg5 Be6 7. 0-0-0+ Kc8 8. Nf3 Nbd7 9. a3 c6 10. Bh4 Bc5 11. h3 b5 12. b4 Be7 13. Nb1 a5 14. c3 Bb3 15. Rd2 Re8 16. Bd3 Bf8 17. Kb2 Bc4 18. Bxc4 bxc4 19. Re2 Nb6 20. Rd1 Nfd7 21. Ne1 f6 22. Nc2 Na4+ 23. Kc1 Rb8 24. Red2 Rb7 25. Ne3 Nab6 26. bxa5 Na4 27. Nxc4 Rxb1+ 28. Kxb1 Nxc3+ 29. Kc2 Nxd1 30. Rxd1 Nc5 31. f3 Kc7 32. Nb6 Bd6 33. Bf2 1-0

[Event "HUN-chT2 Toth 1516"]
[Site "Hungary"]
[Date "2015.12.06"]
[Round "6.7"]
[White "Monus, Zoltan"]
[Black "Jako, Robert"]
[Result "1-0"]
[WhiteElo "2030"]
[BlackElo "1733"]
[PlyCount "103"]
[EventDate "2015.09.13"]
[EventType "team-tourn"]
[EventRounds "11"]
[EventCountry "HUN"]
[SourceTitle "CBM 170 Extra"]
[Source "ChessBase"]
[SourceDate "2016.02.25"]
[SourceVersion "1"]
[SourceVersionDate "2016.02.25"]
[SourceQuality "1"]
[WhiteTeam "Oroshaza"]
[BlackTeam "Gyula"]
[WhiteTeamCountry "HUN"]
[BlackTeamCountry "HUN"]

1. e4 e5 2. Nf3 Nc6 3. Bb5 Nge7 4. 0-0 g6 5. c3 a6 6. Ba4 Bg7 7. d4 exd4 8. cxd4 0-0 9. Nc3 d6 10. h3 Bd7 11. Bb3 Na5 12. Bc2 Rb8 13. Bf4 Qc8 14. b3 Nac6 15. Rc1 f5 16. e5 dxe5 17. dxe5 Be6 18. Qd2 Rd8 19. Qe3 Nd5 20. Nxd5 Bxd5 21. Rfe1 Bxf3 22. Qxf3 Qe6 23. Bd3 Kh8 24. Bc4 Qe7 25. Qe3 Rd4 26. Qg3 Rc8 27. Bxa6 bxa6 28. Rxc6 Qb4 29. Rec1 Rxf4 30. a3 Qd4 31. R6c4 Qxf2+ 32. Qxf2 Rxf2 33. Kxf2 Bxe5 34. Rc6 Bb2 35. Rxc7 Rxc7 36. Rxc7 Bxa3 37. Ke3 a5 38. Kd4 Bb2+ 39. Kd5 g5 40. Ke6 f4 41. Kf5 Bd4 42. Kxg5 Be3 43. Kf5 Kg8 44. h4 Bd2 45. h5 h6 46. Kg6 Kf8 47. Rd7 Be3 48. Rd5 Ke7 49. Rxa5 Kd6 50. Kf5 Kc6 51. Ra4 Kd5 52. Rxf4 1-0

[Event "HUN-chT2 Toth 1516"]
[Site "Hungary"]
[Date "2015.11.08"]
[Round "4.7"]
[White "Monus, Zoltan"]
[Black "Gulyas, Zoltan"]
[Result "1-0"]
[WhiteElo "2030"]
[BlackElo "2048"]
[PlyCount "51"]
[EventDate "2015.09.13"]
[EventType "team-tourn"]
[EventRounds "11"]
[EventCountry "HUN"]
[SourceTitle "CBM 170 Extra"]
[Source "ChessBase"]
[SourceDate "2016.02.25"]
[SourceVersion "1"]
[SourceVersionDate "2016.02.25"]
[SourceQuality "1"]
[WhiteTeam "Oroshaza"]
[BlackTeam "Ujszasz"]
[WhiteTeamCountry "HUN"]
[BlackTeamCountry "HUN"]

1. e4 e6 2. d3 d5 3. Qe2 d4 4. f4 c5 5. Nf3 Nc6 6. g3 g6 7. Bg2 Bg7 8. a4 Nge7 9. Nbd2 e5 10. fxe5 Nxe5 11. Nxe5 Bxe5 12. Nc4 Nc6 13. Bh6 Qe7 14. 0-0 f6 15. Rf2 Be6 16. Nxe5 Nxe5 17. b3 0-0-0 18. Raf1 Nd7 19. e5 Nxe5 20. Rxf6 Bd5 21. Bxd5 Rxd5 22. Qe4 Qd7 23. Rf8+ Rxf8 24. Rxf8+ Kc7 25. Bf4 Qe6 26. Re8 1-0

[Event "HUN-chT2 Toth 1415"]
[Site "Hungary"]
[Date "2014.12.14"]
[Round "6.6"]
[White "Hajdu, Istvan"]
[Black "Monus, Zoltan"]
[Result "1/2-1/2"]
[WhiteElo "2063"]
[BlackElo "2005"]
[PlyCount "33"]
[EventDate "2014.09.07"]
[EventType "team-tourn"]
[EventRounds "11"]
[EventCountry "HUN"]
[SourceTitle "EXT 2016"]
[Source "ChessBase"]
[SourceDate "2015.10.08"]
[SourceVersion "1"]
[SourceVersionDate "2015.10.08"]
[SourceQuality "1"]
[WhiteTeam "Szentes"]
[BlackTeam "Oroshaza"]
[WhiteTeamCountry "HUN"]
[BlackTeamCountry "HUN"]

1. d4 Nf6 2. Nf3 d6 3. Nc3 Nbd7 4. e4 e5 5. Be2 Be7 6. 0-0 0-0 7. h3 c6 8. a4 a5 9. Be3 Qc7 10. Qd2 Re8 11. Rfd1 Bf8 12. Bc4 exd4 13. Qxd4 Ne5 14. Nxe5 dxe5 15. Qd3 Be6 16. Bxe6 Rxe6 17. Qc4 1/2-1/2

[Event "HUN-chT2 Toth 1415"]
[Site "Hungary"]
[Date "2014.11.16"]
[Round "4.7"]
[White "Monus, Zoltan"]
[Black "Nagy, Jozsef"]
[Result "1-0"]
[WhiteElo "2005"]
[BlackElo "1845"]
[PlyCount "153"]
[EventDate "2014.09.07"]
[EventType "team-tourn"]
[EventRounds "11"]
[EventCountry "HUN"]
[SourceTitle "EXT 2016"]
[Source "ChessBase"]
[SourceDate "2015.10.08"]
[SourceVersion "1"]
[SourceVersionDate "2015.10.08"]
[SourceQuality "1"]
[WhiteTeam "Oroshaza"]
[BlackTeam "Felegyhaza Csongrad"]
[WhiteTeamCountry "HUN"]
[BlackTeamCountry "HUN"]

1. e4 c6 2. d3 d5 3. Nd2 dxe4 4. dxe4 e5 5. Ngf3 Bg4 6. h3 Bxf3 7. Qxf3 Nf6 8. Nc4 Nbd7 9. Bg5 Bb4+ 10. c3 Be7 11. Rd1 Qc7 12. Bd3 0-0 13. 0-0 Rad8 14. Ne3 Nc5 15. Bc2 Rxd1 16. Rxd1 Rd8 17. Rxd8+ Qxd8 18. Nf5 Ne6 19. Be3 Bc5 20. b4 Bxe3 21. Qxe3 g6 22. Nh6+ Kg7 23. Bb3 Qd7 24. Ng4 Nxg4 25. hxg4 Nf4 26. f3 b6 27. g3 Ne6 28. f4 Nxf4 29. gxf4 Qxg4+ 30. Kf2 Qxf4+ 31. Qxf4 exf4 32. Kf3 g5 33. e5 h5 34. Bc2 h4 35. Kg4 f6 36. e6 Kf8 37. Be4 Ke7 38. Kf5 c5 39. Bg2 cxb4 40. cxb4 g4 41. Kxg4 Kxe6 42. Kxf4 f5 43. b5 Kd6 44. Kxf5 Kc5 45. a4 Kb4 46. Kg4 Kxa4 47. Bc6 Kb4 48. Kxh4 Kc5 49. Be8 Kd6 50. Kg4 Kc7 51. Kf4 Kb7 52. Bc6+ Kc7 53. Bf3 Kd6 54. Ke3 Kc5 55. Be2 Kd5 56. Kd3 Kc5 57. Kc3 Kd5 58. Kb4 Kd4 59. Bc4 Ke5 60. Kc3 Ke4 61. Ba2 Ke5 62. Kc4 Ke4 63. Bb1+ Ke5 64. Bd3 Ke6 65. Kd4 Kd6 66. Bc4 Ke7 67. Ke5 Kd7 68. Kd5 Kc7 69. Ke6 Kb7 70. Kd7 Kb8 71. Kc6 Kc8 72. Bd5 Kb8 73. Kd7 a6 74. bxa6 b5 75. Kc6 Ka8 76. Kb6+ Kb8 77. a7+ 1-0

[Event "HUN-chT2 Toth 1415"]
[Site "Hungary"]
[Date "2014.09.21"]
[Round "2.6"]
[White "Farkas, Sandor I"]
[Black "Monus, Zoltan"]
[Result "0-1"]
[WhiteElo "1788"]
[BlackElo "2005"]
[PlyCount "114"]
[EventDate "2014.09.07"]
[EventType "team-tourn"]
[EventRounds "11"]
[EventCountry "HUN"]
[SourceTitle "EXT 2016"]
[Source "ChessBase"]
[SourceDate "2015.10.08"]
[SourceVersion "1"]
[SourceVersionDate "2015.10.08"]
[SourceQuality "1"]
[WhiteTeam "Roszke"]
[BlackTeam "Oroshaza"]
[WhiteTeamCountry "HUN"]
[BlackTeamCountry "HUN"]

1. b4 d5 2. Bb2 Qd6 3. a3 e5 4. e3 Nd7 5. c4 dxc4 6. Bxc4 Nb6 7. Bb3 Be6 8. Nf3 f6 9. Qc2 0-0-0 10. Nc3 Bxb3 11. Qxb3 Qd3 12. Qd1 Nc4 13. Bc1 Ne7 14. Qe2 Nc6 15. Qxd3 Rxd3 16. Ke2 Rd7 17. d3 Nb6 18. Rd1 Be7 19. b5 Na5 20. Rb1 g5 21. a4 Nd5 22. Nxd5 Rxd5 23. Bd2 b6 24. Bc3 Rd7 25. d4 g4 26. Nd2 exd4 27. Bxd4 Rf8 28. Bc3 Nb7 29. Nb3 Nd6 30. Nd4 Ne4 31. Be1 Bc5 32. Nc6 Rxd1 33. Rxd1 Kb7 34. Nd8+ Kc8 35. Nc6 Kb7 36. Nd8+ Kc8 37. Nc6 Kb7 38. Ra1 a6 39. Rb1 axb5 40. axb5 Ra8 41. Kd3 Nd6 42. Nd4 Ra3+ 43. Kc2 Bxd4 44. exd4 Nf5 45. Rb4 Ra1 46. Bd2 Rf1 47. d5 Rxf2 48. Kd3 Rxg2 49. Bf4 h5 50. Rc4 Nd6 51. Bxd6 cxd6 52. Rc6 Rxh2 53. Rxd6 g3 54. Rxf6 Rh4 55. Rf7+ Kc8 56. Rg7 Rg4 57. Rh7 g2 0-1

[Event "HUN-chT2 Toth 1314"]
[Site "Hungary"]
[Date "2014.03.02"]
[Round "8.4"]
[White "Monus, Zoltan"]
[Black "Miklos, Csaba"]
[Result "1/2-1/2"]
[WhiteElo "2030"]
[BlackElo "2045"]
[PlyCount "123"]
[EventDate "2013.09.08"]
[EventType "team-tourn"]
[EventRounds "11"]
[EventCountry "HUN"]
[SourceTitle "EXT 2016"]
[Source "ChessBase"]
[SourceDate "2015.10.08"]
[SourceVersion "1"]
[SourceVersionDate "2015.10.08"]
[SourceQuality "1"]
[WhiteTeam "Oroshaza"]
[BlackTeam "Kecskemet Takisz"]
[WhiteTeamCountry "HUN"]
[BlackTeamCountry "HUN"]

1. e4 c5 2. Nf3 e6 3. c3 d5 4. e5 Nc6 5. d4 Nge7 6. a3 Nf5 7. b4 cxd4 8. cxd4 Qb6 9. Be3 g6 10. Bd3 Nxe3 11. fxe3 Bh6 12. Qe2 Bd7 13. Nc3 Ne7 14. Nb5 Bxb5 15. Bxb5+ Nc6 16. Bd3 0-0 17. 0-0 Rac8 18. g4 Ne7 19. Rfc1 a5 20. b5 Rc7 21. Qd2 Rfc8 22. Kf2 Bf8 23. Qb2 Rxc1 24. Rxc1 Qd8 25. Rc3 Rc7 26. Qc2 Rxc3 27. Qxc3 Nc8 28. e4 Na7 29. exd5 Qxd5 30. Qxa5 Qa2+ 31. Kg3 Qxa3 32. Qxa3 Bxa3 33. Kf4 h6 34. Ke4 Kf8 35. d5 exd5+ 36. Kxd5 Ke7 37. Nd2 Nc8 38. Nc4 Bb4 39. Be4 Kd7 40. b6 Ne7+ 41. Kd4 Nc6+ 42. Kd3 Bc5 43. Bd5 Nb4+ 44. Ke4 Nxd5 45. Kxd5 Bb4 46. h3 Be7 47. Na5 Kc8 48. e6 fxe6+ 49. Kxe6 Bc5 50. Nc4 g5 51. Kf6 Kd7 52. Kg6 Kc6 53. Kxh6 Be7 54. Ne5+ Kxb6 55. Nf3 Kc5 56. Nxg5 Kd5 57. h4 b5 58. Nf3 Ke4 59. Nd2+ Kd3 60. Nb3 Bxh4 61. Nc5+ Kc4 62. Na6 1/2-1/2

[Event "HUN-chT2 Toth 1314"]
[Site "Hungary"]
[Date "2014.02.16"]
[Round "7.5"]
[White "Monus, Zoltan"]
[Black "Szijarto, Csaba"]
[Result "1/2-1/2"]
[WhiteElo "2030"]
[BlackElo "2105"]
[PlyCount "151"]
[EventDate "2013.09.08"]
[EventType "team-tourn"]
[EventRounds "11"]
[EventCountry "HUN"]
[SourceTitle "EXT 2016"]
[Source "ChessBase"]
[SourceDate "2015.10.08"]
[SourceVersion "1"]
[SourceVersionDate "2015.10.08"]
[SourceQuality "1"]
[WhiteTeam "Oroshaza"]
[BlackTeam "Ujszasz"]
[WhiteTeamCountry "HUN"]
[BlackTeamCountry "HUN"]

1. e4 Nc6 2. Nf3 Nf6 3. e5 Nd5 4. d4 d6 5. Be2 Bg4 6. 0-0 e6 7. c4 Nb6 8. exd6 cxd6 9. d5 exd5 10. cxd5 Bxf3 11. Bxf3 Ne5 12. Be2 Be7 13. a4 0-0 14. a5 Nbd7 15. Qb3 Nc5 16. Qh3 Qd7 17. Qxd7 Nexd7 18. Ra3 Bf6 19. Nc3 Rfe8 20. Bb5 a6 21. Bxd7 Nxd7 22. Bf4 Be5 23. Bxe5 Rxe5 24. Rb3 Rb8 25. f4 Ree8 26. Ra1 g6 27. Rb4 Kg7 28. Ne4 Nc5 29. Nxd6 Red8 30. Rb6 Rd7 31. b4 Nd3 32. b5 axb5 33. a6 bxa6 34. Rxb8 Rxd6 35. Ra8 Rxd5 36. R8xa6 Nxf4 37. Rb6 Rd2 38. Rf1 Rxg2+ 39. Kh1 Rg4 40. Rxb5 Ne6 41. Rb7 Rf4 42. Kg2 Rxf1 43. Kxf1 g5 44. Kf2 Kg6 45. Ra7 h5 46. Ra6 Kf5 47. Ra7 f6 48. Rh7 Nf4 49. Rf7 h4 50. Kf3 Ng6 51. Ra7 Ne5+ 52. Kg2 Ke4 53. Ra4+ Kf5 54. h3 Nd3 55. Kh2 Nf4 56. Ra6 Ke5 57. Ra5+ Nd5 58. Kg2 Ke6 59. Ra6+ Kf7 60. Ra7+ Kg6 61. Ra6 Nf4+ 62. Kh2 Ne2 63. Kg2 Kf5 64. Ra5+ Ke4 65. Ra4+ Nd4 66. Ra6 f5 67. Rg6 Kf4 68. Rd6 Nf3 69. Ra6 g4 70. Ra4+ Kg5 71. Ra5 Nd2 72. hxg4 Kxg4 73. Ra8 h3+ 74. Kh1 Nf3 75. Ra4+ f4 76. Rxf4+ 1/2-1/2

[Event "HUN-chT2 Toth 1314"]
[Site "Hungary"]
[Date "2013.11.17"]
[Round "5.5"]
[White "Bozsik, Balazs"]
[Black "Monus, Zoltan"]
[Result "1-0"]
[WhiteElo "2091"]
[BlackElo "2030"]
[PlyCount "109"]
[EventDate "2013.09.08"]
[EventType "team-tourn"]
[EventRounds "11"]
[EventCountry "HUN"]
[SourceTitle "EXT 2016"]
[Source "ChessBase"]
[SourceDate "2015.10.08"]
[SourceVersion "1"]
[SourceVersionDate "2015.10.08"]
[SourceQuality "1"]
[WhiteTeam "Abony"]
[BlackTeam "Oroshaza"]
[WhiteTeamCountry "HUN"]
[BlackTeamCountry "HUN"]

1. d4 Nf6 2. c4 g6 3. Nc3 Bg7 4. e4 d6 5. Nf3 0-0 6. Be2 e5 7. 0-0 Na6 8. h3 Qe8 9. dxe5 dxe5 10. Be3 Qe7 11. Nd5 Qd6 12. Nxf6+ Qxf6 13. a3 h6 14. b4 Re8 15. Qa4 Qe7 16. c5 Bd7 17. Qc2 Nb8 18. Rad1 Nc6 19. b5 Nd8 20. c6 Be6 21. Bc5 Qf6 22. cxb7 Nxb7 23. Bb4 Nd6 24. Bxd6 cxd6 25. Rxd6 Bb3 26. Qd2 Qe7 27. Rc1 Bf8 28. Ra6 Qb7 29. Qc3 Qxe4 30. Qxb3 Qxe2 31. Rxg6+ Bg7 32. Rc7 Rf8 33. Rg3 Rad8 34. Qc4 Rd1+ 35. Kh2 Qb2 36. Nh4 Qa1 37. Rg4 Rh1+ 38. Kg3 e4 39. Qc3 Qxc3+ 40. Rxc3 Kh7 41. Rc5 Re8 42. Nf5 Be5+ 43. Kh4 Bf6+ 44. Kh5 Rf1 45. Nd6 Re6 46. Nxe4 Be7 47. Rf5 f6 48. f3 Ra1 49. a4 Bd8 50. Rg6 Rxa4 51. Rxh6+ Kg7 52. Rg6+ Kh7 53. Nc5 Rh4+ 54. Kxh4 Kxg6 55. Nxe6 1-0

[Event "HUN-chT2 Maroczy 1112"]
[Site "Hungary"]
[Date "2012.03.11"]
[Round "7"]
[White "Monus, Zoltan"]
[Black "Vegh, Endre"]
[Result "0-1"]
[WhiteElo "2092"]
[BlackElo "2267"]
[PlyCount "56"]
[EventDate "2011.09.25"]
[EventType "team-tourn"]
[EventRounds "11"]
[EventCountry "HUN"]
[SourceTitle "EXT 2013"]
[Source "ChessBase"]
[SourceDate "2012.11.22"]
[SourceVersion "1"]
[SourceVersionDate "2012.11.22"]
[SourceQuality "1"]
[WhiteTeam "Oroshaza"]
[BlackTeam "Dunaharaszti"]
[WhiteTeamCountry "HUN"]
[BlackTeamCountry "HUN"]

1. e4 c5 2. Nf3 e6 3. d3 Nc6 4. g3 g6 5. Bg2 Bg7 6. c3 d5 7. 0-0 Nge7 8. Qe2 0-0 9. e5 b6 10. Na3 a5 11. Nc2 a4 12. Re1 Ba6 13. h4 b5 14. a3 Na5 15. Bf4 Nb3 16. Rad1 Qd7 17. Nd2 Bb7 18. d4 Ba6 19. Qf3 Nc6 20. Nxb3 axb3 21. Ne3 cxd4 22. cxd4 Qa7 23. Ng4 Nxd4 24. Qd3 Nc2 25. Bh6 Nxe1 26. Qd2 f5 27. Nf6+ Bxf6 28. exf6 Nxg2 0-1

[Event "HUN-chT2 Maroczy 1112"]
[Site "Hungary"]
[Date "2011.11.13"]
[Round "3"]
[White "Lazar, Janos"]
[Black "Monus, Zoltan"]
[Result "1/2-1/2"]
[WhiteElo "2120"]
[BlackElo "2092"]
[PlyCount "32"]
[EventDate "2011.09.25"]
[EventType "team-tourn"]
[EventRounds "11"]
[EventCountry "HUN"]
[SourceTitle "EXT 2013"]
[Source "ChessBase"]
[SourceDate "2012.11.22"]
[SourceVersion "1"]
[SourceVersionDate "2012.11.22"]
[SourceQuality "1"]
[WhiteTeam "Kisujszallas"]
[BlackTeam "Oroshaza"]
[WhiteTeamCountry "HUN"]
[BlackTeamCountry "HUN"]

1. c4 e5 2. g3 Nf6 3. Bg2 d5 4. cxd5 Nxd5 5. Nc3 Nb6 6. Nf3 Nc6 7. 0-0 Be7 8. a3 a5 9. d4 exd4 10. Nb5 0-0 11. Nfxd4 Nxd4 12. Qxd4 Bd7 13. Nc3 Bf6 14. Qc5 Be7 15. Qd4 Bf6 16. Qc5 Be7 1/2-1/2

[Event "HUN-chT2 Maroczy 1112"]
[Site "Hungary"]
[Date "2011.11.12"]
[Round "4"]
[White "Szepes, Tamas"]
[Black "Monus, Zoltan"]
[Result "0-1"]
[WhiteElo "2145"]
[BlackElo "2092"]
[PlyCount "100"]
[EventDate "2011.09.25"]
[EventType "team-tourn"]
[EventRounds "11"]
[EventCountry "HUN"]
[SourceTitle "EXT 2013"]
[Source "ChessBase"]
[SourceDate "2012.11.22"]
[SourceVersion "1"]
[SourceVersionDate "2012.11.22"]
[SourceQuality "1"]
[WhiteTeam "Taban Spartacus"]
[BlackTeam "Oroshaza"]
[WhiteTeamCountry "HUN"]
[BlackTeamCountry "HUN"]

1. d4 Nf6 2. c4 g6 3. Nc3 Bg7 4. e4 d6 5. Be2 0-0 6. Bg5 Na6 7. Qd2 e5 8. d5 Nc5 9. f3 a5 10. g4 Qe8 11. h4 Nfd7 12. Nb5 Na6 13. h5 f6 14. Be3 g5 15. Qxa5 b6 16. Qd2 h6 17. Nh3 Rf7 18. Nf2 Bf8 19. 0-0 Ndc5 20. b4 Nb7 21. a3 Bd7 22. Nc3 Kh8 23. Ra2 Nb8 24. a4 Qd8 25. Rb1 Be8 26. Nd3 Nd7 27. Nc1 Rg7 28. Nb3 Rg8 29. Rba1 Be7 30. a5 bxa5 31. Nxa5 Nxa5 32. Rxa5 Rxa5 33. Rxa5 Qb8 34. Na4 Bf7 35. c5 dxc5 36. bxc5 Qb1+ 37. Kg2 Rb8 38. Nc3 Qb4 39. Ra4 Qb3 40. Bc4 Qb2 41. Qxb2 Rxb2+ 42. Kg3 Nxc5 43. Ra8+ Kg7 44. Rc8 Rb4 45. Bf1 Rb3 46. Bxc5 Bxc5 47. Nb5 Be3 48. Rxc7 Rb2 49. f4 exf4+ 50. Kh3 Bg1 0-1

[Event "HUN-chT2 Maroczy 1011"]
[Site "Hungary"]
[Date "2011.04.17"]
[Round "9"]
[White "Monus, Zoltan"]
[Black "Mester, Attila"]
[Result "1-0"]
[WhiteElo "2016"]
[BlackElo "2113"]
[PlyCount "63"]
[EventDate "2010.09.12"]
[EventType "team-tourn"]
[EventRounds "11"]
[EventCountry "HUN"]
[SourceTitle "EXT 2012"]
[Source "ChessBase"]
[SourceDate "2011.11.24"]
[SourceVersion "1"]
[SourceVersionDate "2011.11.24"]
[SourceQuality "1"]
[WhiteTeam "Oroshaza"]
[BlackTeam "Penzugyor II"]
[WhiteTeamCountry "HUN"]
[BlackTeamCountry "HUN"]

1. e4 c5 2. Nf3 Nc6 3. d3 g6 4. g3 Bg7 5. Bg2 e5 6. 0-0 Nge7 7. c3 0-0 8. Re1 d6 9. a4 h6 10. Na3 f5 11. exf5 gxf5 12. Nc4 Be6 13. Qe2 Bf7 14. Nh4 Qd7 15. f4 Rad8 16. Bd2 Rfe8 17. Qf1 Rf8 18. Rad1 Bxc4 19. dxc4 e4 20. Bh3 Qe6 21. Qe2 Na5 22. Bf1 Rc8 23. Be3 Kh7 24. Bf2 Bf6 25. Ng2 Rh8 26. Ne3 Ng6 27. Kh1 Nc6 28. Qh5 Nge7 29. Bh3 Rcf8 30. Nxf5 Be5 31. Nxe7 Qxe7 32. Bf5+ 1-0

[Event "HUN-chT2 Maroczy 1011"]
[Site "Hungary"]
[Date "2011.04.10"]
[Round "8"]
[White "Monus, Zoltan"]
[Black "Bernath, Robert"]
[Result "1-0"]
[WhiteElo "2016"]
[BlackElo "2127"]
[PlyCount "99"]
[EventDate "2010.09.12"]
[EventType "team-tourn"]
[EventRounds "11"]
[EventCountry "HUN"]
[SourceTitle "EXT 2012"]
[Source "ChessBase"]
[SourceDate "2011.11.24"]
[SourceVersion "1"]
[SourceVersionDate "2011.11.24"]
[SourceQuality "1"]
[WhiteTeam "Oroshaza"]
[BlackTeam "Maroczy"]
[WhiteTeamCountry "HUN"]
[BlackTeamCountry "HUN"]

1. e4 c5 2. Nf3 Nc6 3. d3 d6 4. g3 g6 5. Bg2 Bg7 6. 0-0 e6 7. c3 Nge7 8. Re1 0-0 9. a4 d5 10. e5 Nf5 11. Bg5 f6 12. exf6 Bxf6 13. Qd2 Bxg5 14. Qxg5 Qxg5 15. Nxg5 Ng7 16. f4 Bd7 17. Nd2 Rae8 18. Nb3 b6 19. a5 c4 20. dxc4 dxc4 21. Bxc6 Bxc6 22. Nd4 Bd5 23. axb6 axb6 24. Ra6 Rb8 25. Kf2 Rfe8 26. Ne4 Rf8 27. Ng5 Rfe8 28. Nb5 Ra8 29. Rea1 Rxa6 30. Rxa6 h6 31. Nf3 Bxf3 32. Kxf3 Rb8 33. Ke4 Nf5 34. Ra7 Rd8 35. g4 Rd5 36. Nc7 Nd6+ 37. Ke3 Rd3+ 38. Ke2 Rh3 39. Nxe6 Rxh2+ 40. Kf3 Rxb2 41. Rg7+ Kh8 42. Rxg6 Rc2 43. Rxh6+ Kg8 44. f5 Rxc3+ 45. Kf4 Rd3 46. Rg6+ Kh8 47. Rf6 c3 48. g5 Nxf5 49. Kxf5 Rg3 50. Kg6 1-0

[Event "HUN-chT2 Maroczy 1011"]
[Site "Hungary"]
[Date "2010.10.10"]
[Round "3"]
[White "Monus, Zoltan"]
[Black "Egri, Laszlo Jr"]
[Result "1-0"]
[WhiteElo "2016"]
[BlackElo "2024"]
[PlyCount "95"]
[EventDate "2010.09.12"]
[EventType "team-tourn"]
[EventRounds "11"]
[EventCountry "HUN"]
[SourceTitle "EXT 2012"]
[Source "ChessBase"]
[SourceDate "2011.11.24"]
[SourceVersion "1"]
[SourceVersionDate "2011.11.24"]
[SourceQuality "1"]
[WhiteTeam "Oroshaza"]
[BlackTeam "Kisujszallas"]
[WhiteTeamCountry "HUN"]
[BlackTeamCountry "HUN"]

1. e4 c5 2. Nf3 d6 3. d4 cxd4 4. Nxd4 Nf6 5. Nc3 e6 6. Be2 Be7 7. 0-0 0-0 8. Be3 Nc6 9. f4 a6 10. a4 Qc7 11. Kh1 Nxd4 12. Bxd4 e5 13. Be3 exf4 14. Bxf4 Be6 15. a5 Nd7 16. Nd5 Bxd5 17. exd5 Bf6 18. c3 Be5 19. Bd3 Bxf4 20. Rxf4 g6 21. Qd2 Ne5 22. Rb4 Rae8 23. Bf1 f5 24. Qd4 Rf7 25. Qb6 Qe7 26. Re1 Qf8 27. Qa7 Qg7 28. Qd4 Rfe7 29. Rb6 Qh6 30. h3 Rd7 31. Qa4 Red8 32. Qd4 Qg7 33. c4 Re7 34. b4 Red7 35. c5 Nf7 36. Qxg7+ Kxg7 37. c6 bxc6 38. dxc6 Rc7 39. Bxa6 Ne5 40. Rb7 Rdc8 41. b5 Kf6 42. Rxc7 Rxc7 43. Bb7 d5 44. b6 Rxc6 45. Bxc6 Nxc6 46. a6 d4 47. a7 Nxa7 48. bxa7 1-0

[Event "HUN-chT2 Maroczy 0910"]
[Site "Hungary"]
[Date "2010.04.18"]
[Round "10"]
[White "Monus, Zoltan"]
[Black "Kral, Peter"]
[Result "0-1"]
[WhiteElo "2097"]
[BlackElo "2238"]
[PlyCount "102"]
[EventDate "2009.11.08"]
[EventType "team-tourn"]
[EventRounds "11"]
[EventCountry "HUN"]
[SourceTitle "EXT 2011"]
[Source "ChessBase"]
[SourceDate "2010.11.26"]
[SourceVersion "1"]
[SourceVersionDate "2010.11.26"]
[SourceQuality "1"]
[WhiteTeam "Oroshaza"]
[BlackTeam "Nyiregyhaza"]
[WhiteTeamCountry "HUN"]
[BlackTeamCountry "HUN"]

1. d4 Nf6 2. c4 e6 3. Nc3 d5 4. cxd5 exd5 5. Bg5 Be7 6. e3 0-0 7. Qc2 c6 8. Bd3 Nbd7 9. Nf3 Re8 10. 0-0 h6 11. Bf4 Nh5 12. Ne5 Nf8 13. h3 Nxf4 14. exf4 Bd6 15. Ne2 Qc7 16. Rac1 Re7 17. Qd2 Bd7 18. Nxd7 Nxd7 19. f5 Nf6 20. Rce1 Qb6 21. a3 a5 22. Kh1 Rae8 23. Rd1 Bb8 24. g3 Ba7 25. b4 axb4 26. axb4 Ne4 27. Qb2 Bb8 28. Kg2 Bd6 29. Rb1 Nf6 30. Ng1 Ne4 31. Nf3 Qc7 32. b5 Bxg3 33. Bxe4 dxe4 34. Ng1 Bh4 35. bxc6 Qxc6 36. Rfc1 Qf6 37. Rc5 e3 38. fxe3 Qg5+ 39. Kh1 Rxe3 40. Qxb7 Qf4 41. Qg2 Qxd4 42. Rcb5 Rg3 43. Qc2 Bf6 44. Qc6 Ree3 45. Qd5 Qh4 46. Rb7 Rxh3+ 47. Nxh3 Rxh3+ 48. Kg2 Qg4+ 49. Kf1 Rf3+ 50. Ke1 Qg1+ 51. Kd2 Qg2+ 0-1